P Answers Quiz #2 - Statistics

General Stats
  • This quiz has been taken 38,195 times
    27,769 since last reset
  • The average score is 15 of 22
Answer Stats
Clue Answer % Correct
Demoted planet Pluto
97%
De-facto leader of Russia since 2000 Putin
92%
Spinach-eating strongman Popeye
88%
Longest type of snake Python
87%
Egyptian writing material Papyrus
81%
Victoria Beckham's Spice name Posh
80%
Disease that, as of 2021, has beeneradicated everywhere except Afghanistan and Pakistan Polio
76%
Bird with "eyes" on its feathers Peacock
75%
Former English spelling of Beijing Peking
75%
Parrot that wanted a cracker Polly
74%
Supercontinent of the dinosaur age Pangea
72%
"Great" Russian tsar Peter
72%
Type of flatbread, sometimes with pockets Pita
72%
Word following May, North, or Barber Pole
70%
Ms. Longstocking Pippi
69%
His bells made dogs salivate Pavlov
63%
German word for tank Panzer
55%
Evil emperor of "Star Wars" Palpatine
54%
Castor's twin brother Pollux
38%
Region on the India/Pakistan border Punjab
35%
Member of the House of Lords Peer
25%
Author who remembered things past Proust
14%
No matching quizzes found
Score Distribution
Percent of People with Each Score
Percentile by Number Answered
Your Score History
You have not taken this quiz since the last reset